e-Learning and the science of instruction : (Record no. 172041)
[ view plain ]
| 000 -LEADER | |
|---|---|
| fixed length control field | 01217cam a2200301Mi 4500 |
| 001 - CONTROL NUMBER | |
| control field | 1413373515 |
| 003 - CONTROL NUMBER IDENTIFIER | |
| control field | OSt |
| 005 - DATE AND TIME OF LATEST TRANSACTION | |
| control field | 20250623092546.0 |
| 008 - FIXED-LENGTH DATA ELEMENTS--GENERAL INFORMATION | |
| fixed length control field | 231213t20242024njua ob 001 0 eng d |
| 020 ## - INTERNATIONAL STANDARD BOOK NUMBER | |
| International Standard Book Number | 9781394177370 (hardcover) |
| 040 ## - CATALOGING SOURCE | |
| Original cataloging agency | YDX |
| Language of cataloging | eng |
| Description conventions | rda |
| Transcribing agency | NUST |
| Modifying agency | NUST |
| 050 #4 - LIBRARY OF CONGRESS CALL NUMBER | |
| Classification number | HF1106 CLA |
| 100 1# - MAIN ENTRY--PERSONAL NAME | |
| Personal name | Clark, Ruth Colvin |
| Relator term | Author |
| 245 10 - TITLE STATEMENT | |
| Title | e-Learning and the science of instruction : |
| Remainder of title | proven guidelines for consumers and designers of multimedia learning / |
| Statement of responsibility, etc. | Ruth Colvin Clark and Richard E. Mayer. |
| 250 ## - EDITION STATEMENT | |
| Edition statement | Fifth edition. |
| 260 ## - PUBLICATION, DISTRIBUTION, ETC. | |
| Place of publication, distribution, etc. | Hoboken, New Jersey : |
| Name of publisher, distributor, etc. | John Wiley and Sons, Inc., |
| Date of publication, distribution, etc. | ©2024. |
| 300 ## - PHYSICAL DESCRIPTION | |
| Extent | xiii, 488 pages : |
| Other physical details | Illustrations ; |
| Dimensions | 24 cm. |
| 336 ## - CONTENT TYPE | |
| Content type term | text |
| Content type code | txt |
| Source | rdacontent |
| 337 ## - MEDIA TYPE | |
| Source | rdamedia |
| Media type term | unmediated |
| Media type code | n |
| 338 ## - CARRIER TYPE | |
| Source | rdacarrier |
| Carrier type term | volume |
| Carrier type code | nc |
| 504 ## - BIBLIOGRAPHY, ETC. NOTE | |
| Bibliography, etc. note | Includes bibliographical references and indexes. |
| 650 #0 - SUBJECT ADDED ENTRY--TOPICAL TERM | |
| Form subdivision | Business education -- Computer programs. |
| 650 #0 - SUBJECT ADDED ENTRY--TOPICAL TERM | |
| Form subdivision | Business education -- Computer-assisted instruction. |
| 650 #0 - SUBJECT ADDED ENTRY--TOPICAL TERM | |
| Form subdivision | Internet in higher education. |
| 650 #0 - SUBJECT ADDED ENTRY--TOPICAL TERM | |
| Form subdivision | Employees Training of Computer-assisted instruction. |
| 700 1# - ADDED ENTRY--PERSONAL NAME | |
| Personal name | Mayer, Richard E. |
| Relator term | Author |
| 942 ## - ADDED ENTRY ELEMENTS (KOHA) | |
| Source of classification or shelving scheme | Library of Congress Classification |
| Koha item type | Ordinary Loan Books |
| Edition | Fifth edition. |
| Classification part | HF1106 CLA |
| Call number prefix | HF |
| Call number suffix | CLA |
| Suppress in OPAC | No |
| Withdrawn status | Lost status | Source of classification or shelving scheme | Damaged status | Not for loan | Collection | Home library | Current library | Shelving location | Date acquired | Source of acquisition | Cost, normal purchase price | Total Checkouts | Full call number | Barcode | Date last seen | Accession number | Cost, replacement price | Price effective from | Koha item type | Public note |
|---|---|---|---|---|---|---|---|---|---|---|---|---|---|---|---|---|---|---|---|---|
| LCC | NFIC | MAIN | MAIN | GEN | 06/18/2025 | Purchase | 81.00 | HF1106 CLA | 92004056288 | 06/18/2025 | 25/91 | 81.00 | 06/18/2025 | BOOKS | Purchase | |||||
| LCC | NFIC | MAIN | MAIN | GEN | 06/18/2025 | Purchase | 81.00 | HF1106 CLA | 92004057304 | 06/18/2025 | 25/90 | 81.00 | 06/18/2025 | BOOKS | Purchase |